| 000 | 00489nam a2200157 a 4500 | ||
|---|---|---|---|
| 008 | 120416s1971 ||||||||||||||||| || u | ||
| 020 | _a0434695130 | ||
| 050 | _aPR 6069.H334I5 | ||
| 100 | _aSharp, Margery | ||
| 245 | 1 | 4 | _aThe innocents |
| 260 |
_aLondon: _bHeinemann _c1971 |
||
| 300 | _av, 154p. | ||
| 350 | _a0.00 | ||
| 650 | _aENGLISH LANGUAGE | ||
| 995 |
_D0.00 _FCBU-MAIN LIBRARY (Kitwe) _H1 _I4.95 _M1 _UAVAILABLE _ZFiction Collection |
||
| 999 |
_c46964 _d46964 |
||